Lengua y Literatura 7º básico: guía didáctica del docente
Збережено в:
| Автори: | , |
|---|---|
| Формат: | Книга |
| Мова: | Іспанська |
| Опубліковано: |
Santiago
Santillana del Pacífico
2016
|
| Редагування: | 2a. ed |
| Предмети: | |
| Теги: |
Додати тег
Немає тегів, Будьте першим, хто поставить тег для цього запису!
|
MARC
| LEADER | 00000cam a2200000 a 4500 | ||
|---|---|---|---|
| 001 | UCD9875 | ||
| 003 | CL-VaPUC | ||
| 008 | 170709e20161000cl |||||||||||||||||spa|d | ||
| 020 | |a 9789561529274 | ||
| 082 | 0 | 4 | |a 372.6 |b LOB |2 21 |
| 100 | |a Lobato Concha, Patricia |e autora |9 593664 | ||
| 700 | 0 | |a Zárate Soriano, Jorge |e author |9 593665 | |
| 245 | 1 | 0 | |a Lengua y Literatura 7º básico: guía didáctica del docente |
| 250 | |a 2a. ed | ||
| 300 | |a pág. irreg | ||
| 942 | |c BK | ||
| 945 | |d 20170709 17:01:00 |a arojas | ||
| 260 | |a Santiago |b Santillana del Pacífico |c 2016 | ||
| 500 | |a Incluye texto del estudiante | ||
| 650 | 0 | |a Educación lingüística |9 306506 | |
| 650 | 0 | |a Lenguaje y comunicación |9 395921 | |
| 650 | 0 | |a Libros de texto |9 270019 | |
| 650 | 0 | |a Educación básica |9 224933 | |
| 650 | 0 | |a Enseñanza del lenguaje |9 373325 | |
| 650 | 0 | |a Enseñanza de la literatura |9 283372 | |
| 583 | |a last modification |c 20170709 17:01:00 |k Rodrigo Vera | ||
| 999 | |c 368887 |d 368885 | ||
| 952 | |0 0 |1 0 |3 erb |4 0 |6 372_600000000000000_LOB_2016 |7 0 |8 A |9 484354 |a BIBEDU |b BIBEDU |i 5404541 |o 372.6 LOB 2016 |p 5404541 |r 2019-11-24 |w 2019-11-24 |y BK |z Catalogado en:20170709 |k EPE | ||